banner koha

Irrigacao por capsulas porosas 4. Efeitos das diferentes pressoes hidrostaticas e populacoes de plantas sobre a producao do milho [Quimica do solo; Zona semi-arida; Brasil] (Registro n. 333688)

MARC details
000 -LÍDER
campo de controle de tamanho fixo 01652naa a22003737a 4500
001 - NÚMERO DE CONTROLE
campo de controle BR8101664
003 - IDENTIFICADOR DO NÚMERO DE CONTROLE
campo de controle BR-BrBNA
005 - DATA E HORÁRIO DA ÚLTIMA TRANSAÇÃO
campo de controle 20250716171002.0
007 - CAMPO FIXO DE DESCRIÇÃO FÍSICA--INFORMAÇÃO GERAL
campo de controle de tamanho fixo ta
008 - CAMPO DE DADOS FIXOS--INFORMAÇÃO GERAL
campo de controle de tamanho fixo 250630b bl.|||m| |||| 00| 0 por d
040 ## - FONTE DA CATALOGAÇÃO
Instituição da catalogação original BR-BrBNA
Idioma da catalogação por
Instituição que transcreveu o registro Biblioteca Nacional de Agricultura
041 ## - CÓDIGO DE IDIOMA
Código do idioma do texto/trilha sonora ou título diferente (Pt)
072 ## - CÓDIGO DE CATEGORIA DE ASSUNTO
Código de Categoria de Assunto P12; F22; F00
Código do objeto 0120
-- 3801
-- G514
090 ## - NÚMERO DE CHAMADA LOCAL
Número de chamada P12 BR8101664
100 1# - ENTRADA PRINCIPAL--NOME PESSOAL
Nome pessoal Silva, D.A. da
100 1# - ENTRADA PRINCIPAL--NOME PESSOAL
Nome pessoal Gheyi, H.R.
100 1# - ENTRADA PRINCIPAL--NOME PESSOAL
Nome pessoal Silva, A. de S.
100 1# - ENTRADA PRINCIPAL--NOME PESSOAL
Nome pessoal Magalhaes, A.A.
245 1# - TÍTULO
Título Irrigacao por capsulas porosas 4. Efeitos das diferentes pressoes hidrostaticas e populacoes de plantas sobre a producao do milho [Quimica do solo; Zona semi-arida; Brasil]
246 1# - FORMA VARIANTE DO TÍTULO
Título/título abreviado [Irrigation by porous capsules 4. Effects of the different hydrostatic pressures and plant populations on maize production [Soil chemistry; Semi-arid zone; Brazil]]
246 1# - FORMA VARIANTE DO TÍTULO
Título/título abreviado [Small irrigation for the semi-arid tropic: ebb tides and porous capsules]
490 ## - TÍTULO DA SÉRIE
Título da série Boletim de Pesquisa - Centro de Pesquisa Agropecuaria do Tropico Semi Arido (Brazil)
Número do volume ou designação sequencial da série no. 3
ISSN - International Standard Serial Number ISSN 0100-8951
500 ## - NOTA GERAL
Nota geral Pequena irrigacao para o tropico semi-arido: vazantes e capsulas porosas<br/>Petrolina, PE (Brasil): 1981. p. 43-59 [24 ref.]<br/>(BR8101664-AMS)<br/>
650 ## - ASSUNTO--TERMO TÓPICO
Cabeçalho tópico ou nome geográfico Irrigacao
650 ## - ASSUNTO--TERMO TÓPICO
Cabeçalho tópico ou nome geográfico Quimica do solo
650 ## - ASSUNTO--TERMO TÓPICO
Cabeçalho tópico ou nome geográfico Producao vegetal
650 ## - ASSUNTO--TERMO TÓPICO
Cabeçalho tópico ou nome geográfico Milho
650 ## - ASSUNTO--TERMO TÓPICO
Cabeçalho tópico ou nome geográfico Capsula porosa
650 ## - ASSUNTO--TERMO TÓPICO
Cabeçalho tópico ou nome geográfico Pressao hidrostatica
650 ## - ASSUNTO--TERMO TÓPICO
Cabeçalho tópico ou nome geográfico Zona Semi-arida
773 0# - ENTRADA ANALÍTICA
Título Pequena irrigacao para o tropico semi-arido: vazantes e capsulas porosas
Número de controle do registro P12 BR8101664
Partes relacionadas Petrolina, PE (Brasil), 1981. p. 43-59
942 ## - ELEMENTOS DE ENTRADA ADICIONADOS (KOHA)
Tipo de material Koha Analítica de Monografia Seriada
Fonte da classificação ou esquema de arquivamento na estante Classificação AGRIS
909 ## -
-- 202506
-- Lúcia
-- 55
-- Lúcia Elande
Exemplares
Situação do descarte Fonte da classificação ou esquema de arquivamento na estante Situação física Não pode ser emprestado Coleção Biblioteca de origem Biblioteca atual Total de empréstimos Data de último acesso Número do exemplar Tipo de material Koha Situação das perdas Data de aquisição Fonte de aquisição
  Classificação AGRIS       Biblioteca Nacional de Agricultura - Binagri Biblioteca Nacional de Agricultura - Binagri   30/06/2025 01 Analítica de Monografia Seriada   2025-06-30 Portaria Interministerial nº 164/94

BINAGRI

Telefone: (61)3218-2567/2388/3357/2097 - binagri@agro.gov.br

Ministério da Agricultura e Pecuária , Esplanada dos Ministérios, Bloco D, Anexo B, Brasília/DF, CEP: 70.043-900